<?xml version="1.0" encoding="UTF-8"?><?xml-stylesheet type="text/xsl" href="static/style.xsl"?><OAI-PMH xmlns="http://www.openarchives.org/OAI/2.0/" xmlns:xsi="http://www.w3.org/2001/XMLSchema-instance" xsi:schemaLocation="http://www.openarchives.org/OAI/2.0/ http://www.openarchives.org/OAI/2.0/OAI-PMH.xsd"><responseDate>2026-04-13T15:18:42Z</responseDate><request verb="GetRecord" identifier="oai:www.recercat.cat:2445/175953" metadataPrefix="marc">https://recercat.cat/oai/request</request><GetRecord><record><header><identifier>oai:recercat.cat:2445/175953</identifier><datestamp>2025-12-04T22:32:34Z</datestamp><setSpec>com_2072_1057</setSpec><setSpec>col_2072_478917</setSpec><setSpec>col_2072_478931</setSpec></header><metadata><record xmlns="http://www.loc.gov/MARC21/slim" xmlns:dcterms="http://purl.org/dc/terms/" xmlns:xsi="http://www.w3.org/2001/XMLSchema-instance" xmlns:doc="http://www.lyncode.com/xoai" xsi:schemaLocation="http://www.loc.gov/MARC21/slim http://www.loc.gov/standards/marcxml/schema/MARC21slim.xsd">
   <leader>00925njm 22002777a 4500</leader>
   <datafield ind2=" " ind1=" " tag="042">
      <subfield code="a">dc</subfield>
   </datafield>
   <datafield ind2=" " ind1=" " tag="720">
      <subfield code="a">Loinaz Calvo, Ismael</subfield>
      <subfield code="e">author</subfield>
   </datafield>
   <datafield ind2=" " ind1=" " tag="720">
      <subfield code="a">Andrés Pueyo, Antonio</subfield>
      <subfield code="e">author</subfield>
   </datafield>
   <datafield ind2=" " ind1=" " tag="720">
      <subfield code="a">Pereira, Roberto</subfield>
      <subfield code="e">author</subfield>
   </datafield>
   <datafield ind2=" " ind1=" " tag="260">
      <subfield code="c">2021-03-31T11:13:10Z</subfield>
   </datafield>
   <datafield ind2=" " ind1=" " tag="260">
      <subfield code="c">2021-03-31T11:13:10Z</subfield>
   </datafield>
   <datafield ind2=" " ind1=" " tag="260">
      <subfield code="c">2017-12</subfield>
   </datafield>
   <datafield ind2=" " ind1=" " tag="260">
      <subfield code="c">2021-03-31T11:13:11Z</subfield>
   </datafield>
   <datafield ind2=" " ind1=" " tag="520">
      <subfield code="a">[spa] La violencia filio-parental (VFP) es un tipo de violencia familiar, caracterizada por agresiones de distinta índole dirigidas hacia progenitores o personas que ocupen su lugar. Este trabajo describe la creación de la primera herramienta de evaluación del riesgo de VFP, desarrollada a través de la revisión bibliográfica, la opinión de expertos y aplicaciones piloto en contexto clínico. Se analizaron 112 respuestas de profesionales sobre la adecuación de 28 factores de riesgo. También se valoró el interés/utilidad/necesidad de la propuesta de una guía para la valoración del riesgo de VFP. Los resultados mostraron un gran acuerdo entre profesionales, así como una valoración positiva de la propuesta. Tras la aplicación piloto de la guía en siete casos y la discusión con expertos, se elaboró la versión final compuesta por 24 factores de riesgo, seis de protección y 15 variables incluidas en una sección inicial.</subfield>
   </datafield>
   <datafield ind2=" " ind1=" " tag="520">
      <subfield code="a">[eng] Child-to-parent violence (CPV), also known as adolescent-to-parent abuse (APA), is a type of family violence characterized by different kinds aggressions directed towards parents or people in their place. This paper describes the development of the first CPV risk assessment tool, derived  from bibliographic review, expert opinion, and pilot applications in clinical context. Responses of 112 professionals about the adequacy of 28 factors as well as the interest/utility/need of the proposal of a risk assessment tool for CPV were analyzed. Results showed a great agreement among professionals, as well as a positive evaluation of the proposal. After the pilot  application of the tool in 7 cases and discussion with experts, the final version was composed of 24 risk factors and 6 protective factors, as well as 15 variables included in an initial section.</subfield>
   </datafield>
   <datafield tag="653" ind2=" " ind1=" ">
      <subfield code="a">Violència familiar</subfield>
   </datafield>
   <datafield tag="653" ind2=" " ind1=" ">
      <subfield code="a">Delinqüència juvenil</subfield>
   </datafield>
   <datafield tag="653" ind2=" " ind1=" ">
      <subfield code="a">Avaluació del risc</subfield>
   </datafield>
   <datafield tag="653" ind2=" " ind1=" ">
      <subfield code="a">Family violence</subfield>
   </datafield>
   <datafield tag="653" ind2=" " ind1=" ">
      <subfield code="a">Juvenile delinquency</subfield>
   </datafield>
   <datafield tag="653" ind2=" " ind1=" ">
      <subfield code="a">Risk assessment</subfield>
   </datafield>
   <datafield ind2="0" ind1="0" tag="245">
      <subfield code="a">Factores de riesgo de violencia filio-parental: una aproximación con juicio de expertos</subfield>
   </datafield>
   <datafield ind2="0" ind1="0" tag="245">
      <subfield code="a">Child-to-parent violence risk factors: an approach with expert judgement</subfield>
   </datafield>
</record></metadata></record></GetRecord></OAI-PMH>